LEADER 01071nam a2200265 i 4500 001 991003876069707536 008 020 $a9788806238278 035 $ab14401769-39ule_inst 040 $aDip.to di Storia, Società e Studi sull'Uomo$bita 082 04$a909.09767 100 1 $aAydin, Cemil$0510814 240 14$aThe idea of the muslim world 245 12$aL'idea di mondo musulmano :$buna storia intellettuale globale /$cCemil Aydin ; traduzione di Francesco Alfonso Leccese 260 $aTorino :$bEinaudi,$c2018 300 $aXIX, 235 p. ;$c21 cm. 490 1 $aPiccola biblioteca Einaudi. Nuova serie ;$v699 650 4$aCiviltà islamica$xConcezione$ySec. 19.-20. 700 1 $aLeccese, Francesco Alfonso 907 $a.b14401769$b22-09-20$c07-08-20 912 $a991003876069707536 945 $ale023 909.097 AYD 1 1$g1$i2023000185827$lle023$op$pE22.00$q-$rl$s- $t0$u0$v0$w0$x0$y.i15936387$z22-09-20 996 $aIdea of the Muslim world$91769013 997 $aUNISALENTO 998 $ale023$b07-08-20$cm$da $e-$fita$git $h2$i0 LEADER 01456nam a2200349 i 4500 001 991000879659707536 005 20020507102709.0 008 960326s1982 uk ||| | eng 020 $a0855017112 035 $ab10142605-39ule_inst 035 $aLE00638477$9ExL 040 $aDip.to Fisica$bita 084 $a53(082.2) 084 $a53.5.48 084 $a53.9.2 084 $aQD96.M3 111 2 $aSymposium on current topics in mass spectrometry and chemical kinetics$0461568 245 10$aCurrent topics in mass spectrometry and chemical kinetics :$bproceedings of the symposium in honour of Professor Allan Maccoll on the occasion of his retirement from University College London in 1981 /$corganized and edited by J.H. Beynon and M.L. McGlashan 260 $aLondon ; Philadelphia :$bHeyden and Son Ltd,$c1982 300 $axii, 153 p. :$bill., ports. ;$c24 cm. 500 $aIncludes bibliographical references. 650 4$aMaccoll, Allan 650 4$aMass spectrometry$xCongresses 700 1 $aBeynon, John Albert 700 1 $aMaccoll, A. 700 1 $aMcGlashan, Maxwell Len 907 $a.b10142605$b21-09-06$c27-06-02 912 $a991000879659707536 945 $aLE006 53.9.2 BEY$g1$i2006000056724$lle006$o-$pE0.00$q-$rl$s- $t0$u0$v0$w0$x0$y.i10169520$z27-06-02 996 $aCurrent topics in mass spectrometry and chemical kinetics$9187039 997 $aUNISALENTO 998 $ale006$b01-01-96$cm$da $e-$feng$guk $h0$i1